| 000 | 00851nam a22002297a 4500 | ||
|---|---|---|---|
| 005 | 20151029100234.0 | ||
| 008 | 151029b nyu||||| |||| 00| 0 eng d | ||
| 020 | _a1891385496 | ||
| 050 | 0 | 4 |
_aPN4735 _bB89 2005 |
| 245 | 0 | 0 |
_aBuying the news : _ba report on financial and indirect censorship in Argentina / _cAsociación por los Derechos Civiles, Open Society Justice Initiative. |
| 250 | _a1a ed. | ||
| 260 |
_aNew York : _bOpen Society Institute, _c2005 |
||
| 300 |
_a124 p. : _bil. ; _c25 cm. |
||
| 490 | 0 | _aLegal Policy Series | |
| 504 | _aIncluye apéndice e índice | ||
| 650 | 7 |
_2LEMB _aPrensa y gobierno _zArgentina |
|
| 650 | 7 |
_2LEMB _aLibertad de prensa _zArgentina |
|
| 650 | 4 |
_aCorrupción periodística _zArgentina |
|
| 710 | 2 | _aAsociación por los Derechos Civiles | |
| 710 | 2 | _aOpen Society Justice Initiative | |
| 942 |
_2lcc _cLIB |
||
| 999 |
_c105982 _d105982 |
||